| 000 | 00798nam a22002177a 4500 | ||
|---|---|---|---|
| 999 |
_c818 _d818 |
||
| 003 | AR-CdUCM | ||
| 008 | 190225b ||||| |||| 00| 0 spa d | ||
| 040 |
_aMUNICIPALIDAD PROVINCIAL DEL CUSCO _cBIBLIOTECA MUNICIPAL DEL CUSCO |
||
| 082 |
_a371.3 / _bL66 |
||
| 100 |
_aLimachi Qqueso, Julio Cesar _93099 |
||
| 245 |
_aPedagogía social : _bFundamentos teóricos / |
||
| 260 |
_aCusco : _bEditorial universitaria; _c2017. |
||
| 300 |
_a117 paginas ; _c20 cm. |
||
| 505 | _aFuentes psicológicas y pedagógicas -- Lenguaje -- Cultura -- La teoria del conocimiento Marxista Leninista -- La adragogia ... | ||
| 650 |
_aPedagogía _91560 |
||
| 650 |
_aAspectos sociales _9262 |
||
| 650 |
_aSocialización _93100 |
||
| 650 |
_aAprendizaje social _93101 |
||
| 942 |
_2ddc _cLIBROS |
||
| 945 |
_arum _d2019-02-25 |
||